Every Country Without a McDonald's (map) - Statistics

General Stats
  • This quiz has been taken 97 times
  • The average score is 73 of 90
Answers on the Map
Answers color-coded by a green-red scale on the quiz's map according to % correct below.
 
Answer Stats
Country % Correct
Afghanistan
92%
Chad
90%
Niger
90%
North Korea
90%
Somalia
90%
South Sudan
90%
Iran
88%
Sudan
88%
Bhutan
87%
Democratic Republic of the Congo
87%
Ethiopia
87%
Nigeria
87%
Madagascar
86%
Mali
86%
Nepal
86%
Palau
86%
Republic of the Congo
86%
Angola
85%
Eritrea
85%
Guinea
85%
Myanmar
85%
Benin
83%
Burkina Faso
83%
Cameroon
83%
Central African Republic
83%
Equatorial Guinea
83%
Iraq
83%
Kiribati
83%
Mongolia
83%
Swaziland
83%
Togo
83%
Turkmenistan
83%
Vatican City
83%
Zimbabwe
83%
Algeria
82%
Botswana
82%
Djibouti
82%
Ghana
82%
Guinea-Bissau
82%
Ivory Coast
82%
Kenya
82%
Mauritania
82%
Rwanda
82%
Saint Lucia
82%
Syria
82%
Tajikistan
82%
Tuvalu
82%
Uzbekistan
82%
Yemen
82%
Cape Verde
81%
Gabon
81%
Malawi
81%
Maldives
81%
Marshall Islands
81%
Mozambique
81%
Nauru
81%
Seychelles
81%
Tonga
81%
Armenia
79%
Cambodia
79%
Gambia
79%
Haiti
79%
Kyrgyzstan
79%
Laos
79%
Micronesia
79%
Namibia
79%
Papua New Guinea
79%
Senegal
79%
Sierra Leone
79%
Uganda
79%
Uganda
79%
Barbados
78%
Saint Kitts and Nevis
78%
Solomon Islands
78%
Vanuatu
78%
Belize
77%
Comoros
77%
Iceland
77%
Bangladesh
76%
Burundi
76%
East Timor
76%
Grenada
76%
Albania
74%
Dominica
73%
Sao Tome and Principe
73%
Montenegro
68%
Bolivia
65%
Jamaica
65%
Mauritius
63%
Macedonia
58%
No matching quizzes found
Score Distribution
Percent of People with Each Score
Percentile by Number Answered
Your Score History
You have not taken this quiz